000 00422nam a2200181Ia 4500
001 11228
005 20260306161931.0
008 260306t2011||||xx |||||||||||||| ||spa||
041 _aESP
082 _a985.019
_bP34A
100 _aPease García Yrigoyen, Franklin
_eAUT
245 4 _aThe Incas
260 _c2011
300 _a176 páginas :
_c20 cm.
650 _aGEN
654 _aCHU
942 _cLIB
_dJUS
_fJUS
_2ddc
_n
999 _c11228
_d11228